Catholic University of Zimbabwe Library
Online Public Access Catalogue
(OPAC)

Faith perspectives on migration and human trafficking / (Record no. 15249)

MARC details
000 -LEADER
fixed length control field 01916cam a2200409 i 4500
001 - CONTROL NUMBER
control field 17521502
005 - DATE AND TIME OF LATEST TRANSACTION
control field 20200604122109.0
008 - FIXED-LENGTH DATA ELEMENTS--GENERAL INFORMATION
fixed length control field 121107s2012 za b 100 0 eng d
010 ## - LIBRARY OF CONGRESS CONTROL NUMBER
LC control number 2012314495
020 ## - INTERNATIONAL STANDARD BOOK NUMBER
International Standard Book Number 9780797438118
020 ## - INTERNATIONAL STANDARD BOOK NUMBER
International Standard Book Number 0797438114
035 ## - SYSTEM CONTROL NUMBER
System control number (OCoLC)ocn842940504
040 ## - CATALOGING SOURCE
Original cataloging agency OSU
Language of cataloging eng
Transcribing agency OSU
Description conventions rda
Modifying agency OCLCO
-- OCLCQ
-- OCLCO
-- DLC
042 ## - AUTHENTICATION CODE
Authentication code lccopycat
-- lcode
043 ## - GEOGRAPHIC AREA CODE
Geographic area code fs-----
-- f------
050 00 - LIBRARY OF CONGRESS CALL NUMBER
Classification number HQ281
Item number .F25 2011
245 00 - TITLE STATEMENT
Title Faith perspectives on migration and human trafficking /
Statement of responsibility, etc. edited by David Kaulemu, Regional Co-ordinator for Eastern and Southern Africa, AFCAST.
264 #1 - PRODUCTION, PUBLICATION, DISTRIBUTION, MANUFACTURE, AND COPYRIGHT NOTICE
Place of production, publication, distribution, manufacture Mount Pleasant, Harare, Zimbabwe :
Name of producer, publisher, distributor, manufacturer The African Forum for Catholic Social Teaching (AFCAST),
Date of production, publication, distribution, manufacture, or copyright notice 2012.
300 ## - PHYSICAL DESCRIPTION
Extent 112 pages ;
Dimensions 21 cm
336 ## - CONTENT TYPE
Content type term text
Content type code txt
Source rdacontent
337 ## - MEDIA TYPE
Media type term unmediated
Media type code n
Source rdamedia
338 ## - CARRIER TYPE
Carrier type term volume
Carrier type code nc
Source rdacarrier
500 ## - GENERAL NOTE
General note "AFCAST held its eighteenth workshop, focused on 'Migration and Human Trafficking in Southern Africa', at the Malawi Institute of Management in Lilongwe, Malawi, on 15 November 2011"--P. 1.
504 ## - BIBLIOGRAPHY, ETC. NOTE
Bibliography, etc. note Includes bibliographical references.
650 #0 - SUBJECT ADDED ENTRY--TOPICAL TERM
Topical term or geographic name entry element Human trafficking
Geographic subdivision Africa, Southern
Form subdivision Congresses.
650 #0 - SUBJECT ADDED ENTRY--TOPICAL TERM
Topical term or geographic name entry element Human trafficking
Geographic subdivision Africa
Form subdivision Congresses.
650 #0 - SUBJECT ADDED ENTRY--TOPICAL TERM
Topical term or geographic name entry element Human trafficking victims
General subdivision Migrations
Form subdivision Congresses.
650 #0 - SUBJECT ADDED ENTRY--TOPICAL TERM
Topical term or geographic name entry element Church and social problems
Geographic subdivision Africa
Form subdivision Congresses.
651 #0 - SUBJECT ADDED ENTRY--GEOGRAPHIC NAME
Geographic name Africa
General subdivision Emigration and immigration
-- Religious aspects
Form subdivision Congresses.
651 #0 - SUBJECT ADDED ENTRY--GEOGRAPHIC NAME
Geographic name Africa, Southern
General subdivision Emigration and immigration
-- Religious aspects
Form subdivision Congresses.
700 1# - ADDED ENTRY--PERSONAL NAME
Personal name Kaulemu, David,
Relator term editor.
710 2# - ADDED ENTRY--CORPORATE NAME
Corporate name or jurisdiction name as entry element African Forum for Catholic Social Teachings,
Relator term sponsoring body.
710 2# - ADDED ENTRY--CORPORATE NAME
Corporate name or jurisdiction name as entry element Malawi Institute of Management,
Relator term host institution.
906 ## - LOCAL DATA ELEMENT F, LDF (RLIN)
a 7
b cbc
c copycat
d 3
e ncip
f 20
g y-gencatlg
942 ## - ADDED ENTRY ELEMENTS (KOHA)
Source of classification or shelving scheme
Koha item type OS Book
Classification part HQ281.F35
Holdings
Withdrawn status Lost status Source of classification or shelving scheme Damaged status Not for loan Home library Current library Shelving location Date acquired Source of acquisition Cost, normal purchase price Inventory number Total Checkouts Full call number Barcode Date last seen Copy number Cost, replacement price Price effective from Koha item type
          CUZ Harare Campus CUZ Harare Campus Open Shelf 04.06.2020 Donation 10.00 CU14010   HQ281.F35 BK008941 22.05.2025 1 10.00 10.03.2020 OS Book

OPENING HOURS

Weekdays: 0815hrs - 1800hrs
Weekends:0900hrs - 1200hrs

Closed for Mass:

Mon, Thur: 1200hrs - 1300hrs
Sunday & Public Holiday’s

CALL SUPPORT

0242-570570, 0242-570169
09200664, +263 8644140602

LOCATION

18443, Cranborne Avenue, Hatfield, Harare

Other Links


©2021 | CUZ Library